000 00406nam a2200181Ia 4500
005 20250425161138.0
008 250425s9999 xx 000 0 und d
041 _aspa
082 _a620.82
100 _aZINCHENKO, V. MUNIPOV
245 0 _aFUNDAMENTOS DE ERGONOMIA
250 _a1A ED.
260 _aMOSCOW
260 _aRusia
_bPROGRESO
_c1985
300 _a346
942 _c01
010 _a13691
999 _c203321
_d203321